Pracovné právo SEPI "B" - aktualizácia č. 131

Bibliographic Details
Corporate Author: Slovensko (Author)
Format: Book
Language:Slovak
PhysicalDescription:10 s. 21 cm
Published: Žilina Systém ekonomických a právnych informácií [2003]
ISBN:8088961017
Edition:[1. vyd.]
Subjects:

MARC

LEADER 00000nam a2200000 a 4500
001 vtls001478184
003 SK-MaSNL
005 20260302073608.0
008 190927s2003 xo 0 slo
015 |a SNBI2004/03-01431 
020 |a 8088961017 
035 |a SNK000433484 
040 |a SNK  |b slo  |c SNK  |e AACR2 
041 0 |a slo 
043 |a e-xo--- 
044 |a xo  |c SK 
072 7 |a 349  |x Pracovné, sociálne, stavebné právo. Právo životného prostredia  |2 konspekt 
080 |a 349.2  |2 1981 
080 |a 331.106  |2 1981 
080 |a 351.83  |2 1981 
080 |a (437.6)  |2 1981 
080 |a (094.5)  |2 1981 
080 |a (048.8)  |2 1981 
110 1 |a Slovensko  |4 aut  |9 266955 
240 1 0 |a Zákony, etc. 
245 1 |a Pracovné právo  |b SEPI "B" - aktualizácia č. 131 
250 |a [1. vyd.] 
260 |a Žilina  |b Systém ekonomických a právnych informácií  |c [2003] 
300 |a 10 s.  |c 21 cm 
500 |a SEPI - Systém Ekonomických a Právnych Informácií 
500 |a Voľné listy zopnuté páskou 
650 0 7 |a pracovné právo  |2 SNKPH  |9 982 
650 0 7 |a pracovnoprávne vzťahy  |2 SNKPH  |9 2338 
650 0 7 |a sociálne zabezpečenie  |2 SNKPH  |9 3720 
650 0 7 |a zamestnanosť  |2 SNKPH  |9 2209 
650 0 7 |a bezpečnosť práce  |2 SNKPH  |9 1296 
655 7 |a zákony  |2 SNKPH  |9 70186 
655 7 |a právne predpisy  |2 SNKPH  |9 70481 
655 7 |a prehľady  |2 SNKPH  |9 70194 
730 0 |a Zákony, etc.  |9 297084 
919 |a 80-88961-01-7 
999 |c 1161510  |d 1163440 
952 |t P60, <03>, [BOOK], {603}  |a SNK  |b SNK  |y PREZ  |7 0  |p 17A0435106  |o snkSC 102085/príl. 131  |i snkKSP 9120/2004  |0 0  |1 0  |4 0  |d 2004-07-12  |l 0  |r 2025-09-23 00:00:00  |w 2026-02-24 
952 |t P60, <04>, [BOOK], {604}  |a SNK  |b SNK  |y VYP  |7 0  |p 17A0435107  |o snkSC 102085/príl. 131 D1  |i snkKSP 9121/2004  |0 0  |1 0  |4 0  |d 2004-07-12  |l 0  |r 2005-01-02 00:00:00  |w 2026-02-24